| 000 | 00619nam a2200181Ia 4500 | ||
|---|---|---|---|
| 008 | 100920s9999 xx 000 0 und d | ||
| 082 |
_b3286 _a28 व 891 0 |
||
| 100 | _aसावंत तु.ता. | ||
| 245 | _aराजे शिवाजी. | ||
| 260 |
_bइंद्रायणी साहित्य प्रकाशन पुणे 30. _c0 |
||
| 300 |
_a32 _bसाधी |
||
| 365 | _b3 | ||
| 520 | _aबा.वि.लघुकथा. | ||
| 630 | _aराजे शिवाजी. | ||
| 650 | _aबा.वि.लघुकथा. | ||
| 730 | _aराजे शिवाजी. | ||
| 942 | _cBOOK | ||
| 999 |
_c673358 _d673355 |
||